Pays avec des Apple Store - Statistiques

Statistiques générales
  • Ce quiz a été pris 492 fois
    187 depuis la dernière actualisation
  • Le résultat moyen est 18 sur 24
Statistiques - réponses
Nombre d'Apple Store Pays % Correct
273 Etats-Unis
99%
20 France
99%
12 Espagne
97%
56 Chine
95%
40 Royaume Uni
93%
28 Canada
92%
10 Japon
91%
16 Allemagne
90%
17 Italie
86%
2 Mexique
86%
2 Brésil
83%
4 Suisse
80%
22 Australie
75%
1 Belgique
75%
3 Suède
72%
2 Inde
69%
7 Corée du Sud
67%
3 Pays-Bas
65%
1 Autriche
54%
4 Émirats arabes unis
54%
3 Turquie
46%
2 Thailande
41%
3 Singapour
38%
1 Malaisie
27%
Aucun quiz correspondant
Distribution des résultats
% des personnes avec chaque résultat
Percentile par nombre de réponses
Votre historique - résultats
Vous n’avez pas pris ce quiz depuis la dernière actualisation